• 首页
  • 本馆介绍
  • 公告通知
  • 最新文献
  • 馆藏检索
  • 电子资源
  • 读者导购
  • 参考咨询
  • 我的图书馆
  • 登录
  • 详细信息显示
  • 放入我的书架
  • 预约/预借图书
  • 作者相关作品
  • 分类相关作品
  • 丛书相关作品
  • 出版社相关作品

书目信息

  • 表格格式
  • 工作单格式
  • 卡片格式
题名:
机场鸟类学基础
    
 
作者: 施泽荣 主编
分册:  
出版信息: 合肥   合肥工业大学出版社  2017
页数: 329页
开本: 26cm
丛书名: 机场鸟击防范系列丛书
单 册:
中图分类: Q959.7-49 , V328
科图分类:
主题词: 鸟类--niao lei--普及读物 , 机场--ji chang--鸟害--防治
电子资源:
ISBN: 978-7-5650-3525-8
000 01042nam 2200313 450
001 012001005394
005 20141212172626.0
010    @a978-7-5650-3525-8@dCNY60.00
099    @aCAL 012017178260
100    @a20171217d2017 em y0chiy50 ea
101 0  @achi
102    @aCN@b340000
105    @aab z 000yy
106    @ar
200 1  @a机场鸟类学基础@Aji chang niao lei xue ji chu@f施泽荣 ... [等] 编著
210    @a合肥@c合肥工业大学出版社@d2017
215    @a329页@c图, 地图@d26cm
225 2  @a机场鸟击防范系列丛书@Aji chang niao ji fang fan xi lie cong shu
300    @a民航局安全能力建设资助项目
312    @a封面英文题名:Application of basic ornithology in airport
410  0 @12001 @a机场鸟击防范系列丛书
510 1  @aApplication of basic ornithology in airport@zeng
606 0  @a鸟类@Aniao lei@x普及读物
606 0  @a机场@Aji chang@x鸟害@x防治
690    @aQ959.7-49@v5
690    @aV328@v5
701  0 @a施泽荣@Ashi ze rong@4主编
801  2 @aCN@b江苏凤凰@c20191020
905    @b1208080-3@dQ959.7-49@e270@f4
    
    机场鸟类学基础/施泽荣 ... [等] 编著.-合肥:合肥工业大学出版社,2017
    329页:图, 地图;26cm.-(机场鸟击防范系列丛书)
    民航局安全能力建设资助项目
    
    ISBN 978-7-5650-3525-8:CNY60.00
    
●
相关链接 在E读中查询图书 在五车中查询图书 在当当中查询图书 在豆瓣中查询图书


正题名:机场鸟类学基础     索取号:Q959.7-49/270         预约/预借

序号 登录号 条形码 馆藏地/架位号 状态 备注
1 1208080   212080807   第二样本阅览室/ [索取号:Q959.7-49/270] 在馆    
2 1208081   212080816   第三借阅区/ [索取号:Q959.7-49/270] 在馆    
3 1208082   212080825   第三借阅区/ [索取号:Q959.7-49/270] 在馆    
4 1208083   212080834   第三借阅区/ [索取号:Q959.7-49/270] 在馆    
唐山师范学院图书馆 欢迎您!
大连网信软件有限公司© 版权所有